Countries with a player in the 2017 Players Championships - Statistics

General Stats
  • This quiz has been taken 6 times
  • The average score is 6 of 10
Answer Stats
Players Country % Correct
2 Spain
100%
3 Australia
67%
2 Austria
67%
3 Belgium
67%
12 Netherlands
67%
29 England
50%
2 Ireland
50%
3 Northern Ireland
50%
4 Scotland
50%
4 Wales
50%
No matching quizzes found
Score Distribution
Percent of People with Each Score
Percentile by Number Answered
Your Score History
You have not taken this quiz